Pittsburgh Penguins Leading Goal Scorers By Season - Statistics

General Stats
  • This quiz has been taken 95 times
  • The average score is 36 of 60
Answer Stats
Season Leading Scorer % Correct
2020-21 Sidney Crosby
97%
2016-17 Sidney Crosby
97%
2015-16 Sidney Crosby
97%
2014-15 Sidney Crosby
97%
2013-14 Sidney Crosby
97%
2010-11 Sidney Crosby
97%
2009-10 Sidney Crosby
97%
2006-07 Sidney Crosby
97%
2005-06 Sidney Crosby
97%
2017-18 Evgeni Malkin
96%
Evgeni Malkin
96%
2011-12 Evgeni Malkin
96%
2008-09 Evgeni Malkin
96%
2007-08 Evgeni Malkin
96%
2002-03 Mario Lemieux
96%
1996-97 Mario Lemieux
96%
1995-96 Mario Lemieux
96%
1992-93 Mario Lemieux
96%
1989-90 Mario Lemieux
96%
1988-89 Mario Lemieux
96%
1987-88 Mario Lemieux
96%
1986-87 Mario Lemieux
96%
1985-86 Mario Lemieux
96%
1984-85 Mario Lemieux
96%
2000-01 Jaromir Jagr
95%
1999-00 Jaromir Jagr
95%
1998-99 Jaromir Jagr
95%
1997-98 Jaromir Jagr
95%
1994-95 Jaromir Jagr
95%
2021-22 Jake Guentzel
74%
2018-19 Jake Guentzel
74%
2019-20 Bryan Rust
57%
1993-94 Kevin Stevens
46%
1991-92 Kevin Stevens
46%
Kevin Stevens
46%
1990-91 Mark Recchi
36%
1977-78 Jean Pronovost
34%
1976-77 Jean Pronovost
34%
1974-75 Jean Pronovost
34%
Jean Pronovost
34%
Jean Pronovost
34%
1982-83 Rick Kehoe
33%
1980-81 Rick Kehoe
33%
1979-80 Rick Kehoe
33%
2012-13 Chris Kunitz
32%
2001-02 Alexei Kovalev
25%
1983-84 Mike Bullard
24%
1981-82 Mike Bullard
24%
1975-76 Pierre Larouche
22%
1978-79 Greg Malone
12%
2003-04 Ryan Malone
12%
1967-68 Ab McDonald
9%
1973-74 Lowell McDonald
9%
Dean Prentice
1%
1969-70 Dean Prentice
1%
Paul Gardner
1%
1972-73 Al McDonough
0%
1971-72 Greg Polis
0%
1970-71 Keith McCreary
0%
1968-69 Keith McCreary
0%
No matching quizzes found
Score Distribution
Percent of People with Each Score
Percentile by Number Answered
Your Score History
You have not taken this quiz